MARC details
| 000 -LEADER |
| fixed length control field |
03393cam a2200373 i 4500 |
| 001 - CONTROL NUMBER |
| control field |
21097676 |
| 003 - CONTROL NUMBER IDENTIFIER |
| control field |
CSPC |
| 005 - DATE AND TIME OF LATEST TRANSACTION |
| control field |
20250120124808.0 |
| 008 - FIXED-LENGTH DATA ELEMENTS--GENERAL INFORMATION |
| fixed length control field |
190723s2020 ctuab b 001 0 eng |
| 010 ## - LIBRARY OF CONGRESS CONTROL NUMBER |
| LC control number |
2019946673 |
| 020 ## - INTERNATIONAL STANDARD BOOK NUMBER |
| International Standard Book Number |
9780300222913 |
| Qualifying information |
(paperback) |
| 040 ## - CATALOGING SOURCE |
| Original cataloging agency |
DLC |
| Language of cataloging |
eng |
| Description conventions |
rda |
| Transcribing agency |
DLC |
| Modifying agency |
CSPC |
| 042 ## - AUTHENTICATION CODE |
| Authentication code |
pcc |
| 043 ## - GEOGRAPHIC AREA CODE |
| Geographic area code |
n-us--- |
| 050 00 - LIBRARY OF CONGRESS CALL NUMBER |
| Classification number |
GE180 |
| Item number |
.A53 2020 |
| 082 04 - DEWEY DECIMAL CLASSIFICATION NUMBER |
| Edition number |
23 |
| Classification number |
363.7050973 |
| Item number |
An261m |
| 100 1# - MAIN ENTRY--PERSONAL NAME |
| Personal name |
Andrews, Richard N. L., |
| Relator term |
author. |
| 245 10 - TITLE STATEMENT |
| Title |
Managing the environment, managing ourselves : |
| Remainder of title |
a history of American environmental policy / |
| Statement of responsibility, etc. |
Richard N. L. Andrews. |
| 250 ## - EDITION STATEMENT |
| Edition statement |
Third edition. |
| 264 #1 - PRODUCTION, PUBLICATION, DISTRIBUTION, MANUFACTURE, AND COPYRIGHT NOTICE |
| Place of production, publication, distribution, manufacture |
New Haven : |
| Name of producer, publisher, distributor, manufacturer |
Yale University Press, |
| Date of production, publication, distribution, manufacture, or copyright notice |
2020. |
| 300 ## - PHYSICAL DESCRIPTION |
| Extent |
xiv, 513 pages : |
| Other physical details |
illustrations ; |
| Dimensions |
26 cm. |
| 336 ## - CONTENT TYPE |
| Content type term |
text |
| Content type code |
txt |
| Source |
rdacontent |
| 337 ## - MEDIA TYPE |
| Media type term |
unmediated |
| Media type code |
n |
| Source |
rdamedia |
| 338 ## - CARRIER TYPE |
| Carrier type term |
volume |
| Carrier type code |
nc |
| Source |
rdacarrier |
| 504 ## - BIBLIOGRAPHY, ETC. NOTE |
| Bibliography, etc. note |
Includes bibliographical references and index. |
| 505 0# - FORMATTED CONTENTS NOTE |
| Formatted contents note |
Introduction: environment and governance -- Part One. Foundations -- Who owns the environmental? Historical content and colonial precedents -- The constitutional framework -- Part Two. Natural assets and urban living conditions -- Land and transport: commercial development as environmental policy -- Industrialization, resource differentiation, and public resource management -- Public health and urban sanitation -- Part Three. Multiple-use management -- The progressive era -- Conservative "normalcy" and new deal conservation -- Part Four. An environmental movement awakens -- Superpower and supermarket -- The rise of modern environmentalism -- Part Five. The modern environmental policy era -- Toward a national environmental policy -- The EPA: nationalizing pollution control -- Public lands and wildlife conservation -- Agricultural and urban environmental management -- Energy policy and climate change -- Environmental policy in a global economy -- Part Six. A new environmental policy era? -- The trump agenda -- Managing the environment, managing ourselves. |
| 520 ## - SUMMARY, ETC. |
| Summary, etc. |
"In this definitive book, Richard N. L. Andrews looks back at four centuries of American environmental policy, showing how these policies affect environmental issues and public policy decisions today and posing the central policy challenges for the future. By analyzing environmental policies at their half-century marks, placing them within their historical contexts, and weaving together diverse threads-pollution, public health, land and wildlife conservation, energy, and others-Andrews paints a complete and unified narrative of the historical developments of American environmental policies and institutions. The previous edition brought the book up to date through President George W. Bush's first term; this third edition updates and revises the entire text, with a focus on more recent environmental politics and policy up through the Obama administration and into the Trump administration"-- |
| Assigning source |
Provided by publisher. |
| 650 #0 - SUBJECT ADDED ENTRY--TOPICAL TERM |
| Topical term or geographic name entry element |
Environmental policy |
| Geographic subdivision |
United States |
| General subdivision |
History. |
| 650 #0 - SUBJECT ADDED ENTRY--TOPICAL TERM |
| Topical term or geographic name entry element |
Environmental management |
| Geographic subdivision |
United States |
| General subdivision |
History. |
| 906 ## - LOCAL DATA ELEMENT F, LDF (RLIN) |
| a |
0 |
| b |
ibc |
| c |
orignew |
| d |
2 |
| e |
epcn |
| f |
20 |
| g |
y-gencatlg |
| 942 ## - ADDED ENTRY ELEMENTS (KOHA) |
| Source of classification or shelving scheme |
Dewey Decimal Classification |
| Suppress in OPAC |
No |
| Koha item type |
Books |
| Edition |
23 |
| Classification part |
363.7050973 |
| Item part |
An261m |
| Call number prefix |
CIR |
| Call number suffix |
2020 |